Produkt kúpeľov v ére globalizácie

Charakteristika produktu v cestovnom ruchu. Produkt kúpeľov - z časti zdravotný produkt. Faktory pôsobiace na výber produktu cestovného ruchu. Produkt kúpeľov - zdravotnícke služby, ubytovacie služby, stravovacie služby, športové a kultúrno-spoločenské služby. Vývoj produktu kúpeľov v čase.

Guardado en:
Detalles Bibliográficos
Autor principal: Vlkovičová, Lenka
Formato: Capítulo de libro
Lenguaje:eslovaco
Materias:
Etiquetas: Agregar Etiqueta
Sin Etiquetas, Sea el primero en etiquetar este registro!

MARC

LEADER 00000nla$a2200000$$$4500
001 0101390
005 20240502072116.1
041 0 |a slo 
044 |a SK 
245 1 0 |a Produkt kúpeľov v ére globalizácie  |c Lenka Vlkovičová 
520 |a Charakteristika produktu v cestovnom ruchu. Produkt kúpeľov - z časti zdravotný produkt. Faktory pôsobiace na výber produktu cestovného ruchu. Produkt kúpeľov - zdravotnícke služby, ubytovacie služby, stravovacie služby, športové a kultúrno-spoločenské služby. Vývoj produktu kúpeľov v čase. 
610 2 0 |a ruch cestovný 
610 2 0 |a kúpele 
610 2 0 |a kúpeľníctvo 
610 2 0 |a zdravie 
610 2 0 |a zdravotníctvo 
610 2 0 |a produkty 
610 2 0 |a ubytovanie 
610 2 0 |a stravovanie spoločné 
610 2 0 |a služby 
610 2 0 |a globalizácia 
100 1 |a Vlkovičová, Lenka